[Event "Wolrd Chess Olympiad 2018"]
[Site "Batumi"]
[Date "2018.09.30"]
[Round "6"]
[Board "1"]
[WhiteFideId "14306352"]
[White "Lima Osvaldo Dos Santos"]
[BlackFideId "22400052"]
[Black "Gadeanang Andrew"]
[Result "1-0"]
[LiveChessVersion "1.4.8"]
[BlackElo "1551"]
[WhiteElo "1803"]

1. c4 {[%clk 1:30:50]} Nf6 {[%clk 1:30:24]} 2. Nc3 {[%clk 1:31:17]} e6
{[%clk 1:29:40]} 3. d4 {[%clk 1:28:51]} h6 {[%clk 1:29:27]} 4. e4
{[%clk 1:27:43]} Bb4 {[%clk 1:28:45]} 5. Bd3 {[%clk 1:27:27]} Bxc3+
{[%clk 1:23:40]} 6. bxc3 {[%clk 1:27:54]} d6 {[%clk 1:23:38]} 7. Nf3
{[%clk 1:27:21]} Nc6 {[%clk 1:20:06]} 8. O-O {[%clk 1:27:07]} e5 9. d5 Ne7
{[%clk 1:18:39]} 10. c5 {[%clk 1:26:19]} O-O {[%clk 1:18:41]} 11. cxd6
{[%clk 1:26:16]} cxd6 {[%clk 1:18:40]} 12. h3 {[%clk 1:26:40]} Nexd5
{[%clk 1:17:17]} 13. exd5 {[%clk 1:19:39]} e4 {[%clk 1:17:22]} 14. Bxe4
{[%clk 1:18:42]} Nxe4 {[%clk 1:17:38]} 15. Qd4 {[%clk 1:18:42]} f5
{[%clk 1:17:30]} 16. Bb2 {[%clk 1:15:53]} Qf6 {[%clk 1:16:00]} 17. Qb4
{[%clk 1:15:10]} Nc5 {[%clk 1:15:09]} 18. c4 {[%clk 0:48:36]} Qf7
{[%clk 1:15:33]} 19. Qd2 {[%clk 0:45:18]} Bd7 {[%clk 1:15:28]} 20. Bd4
{[%clk 0:43:48]} b6 {[%clk 1:15:44]} 21. Bxc5 {[%clk 0:37:13]} bxc5
{[%clk 1:15:57]} 22. Qf4 {[%clk 0:31:27]} Qf6 {[%clk 1:16:14]} 23. h4
{[%clk 0:31:14]} Rfe8 {[%clk 1:14:57]} 24. Rfe1 {[%clk 0:31:35]} Re4
{[%clk 1:08:11]} 25. Rxe4 {[%clk 0:28:05]} fxe4 {[%clk 1:08:18]} 26. Qxf6
{[%clk 0:26:40]} gxf6 {[%clk 1:08:34]} 27. Nd2 {[%clk 0:26:05]} f5
{[%clk 1:08:46]} 28. Rb1 {[%clk 0:22:29]} Bc8 {[%clk 1:09:06]} 29. a4
{[%clk 0:20:12]} Kf7 {[%clk 1:09:23]} 30. a5 {[%clk 0:20:04]} Kf6
{[%clk 1:09:11]} 31. Kf1 {[%clk 0:17:49]} Ke5 {[%clk 1:09:27]} 32. g3
{[%clk 0:18:09]} Ba6 {[%clk 1:09:10]} 33. Ke1 {[%clk 0:14:13]} Kd4
{[%clk 1:09:14]} 34. Ra1 {[%clk 0:13:30]} Rb8 {[%clk 1:09:29]} 35. Nf1
{[%clk 0:13:08]} f4 {[%clk 1:08:20]} 36. gxf4 {[%clk 0:13:36]} Rg8
{[%clk 1:08:30]} 37. Ng3 {[%clk 0:11:38]} e3 {[%clk 1:07:48]} 38. Nf5+
{[%clk 0:08:28]} Kxc4 {[%clk 1:06:25]} 39. Nxe3+ {[%clk 0:07:47]} Kd3
{[%clk 1:05:48]} 40. Ra3+ {[%clk 0:08:05]} Ke4 {[%clk 1:06:07]} 41. f5
{[%clk 0:37:14]} c4 {[%clk 1:33:59]} 42. f3+ {[%clk 0:33:46]} Kd4
{[%clk 1:34:17]} 43. f6 {[%clk 0:32:01]} Rf8 {[%clk 1:32:31]} 44. Nc2+
{[%clk 0:27:02]} Kc5 {[%clk 1:32:51]} 45. Kf2 {[%clk 0:23:26]} Rxf6
{[%clk 1:33:02]} 46. Re3 {[%clk 0:23:03]} Bb7 {[%clk 1:32:51]} 47. Re6
{[%clk 0:19:59]} Rxe6 {[%clk 1:30:42]} 48. dxe6 {[%clk 0:20:25]} Bd5
{[%clk 1:30:53]} 49. e7 {[%clk 0:19:51]} Bf7 {[%clk 1:31:15]} 50. Ke3
{[%clk 0:18:07]} d5 {[%clk 1:31:08]} 51. Nd4 {[%clk 0:18:22]} h5 {[%clk 1:29:32]}
52. f4 {[%clk 0:18:22]} Kd6 {[%clk 1:29:49]} 53. Nb5+ {[%clk 0:18:07]} Kc5
{[%clk 1:29:14]} 54. Nxa7 {[%clk 0:15:33]} d4+ {[%clk 1:29:34]} 55. Kd2
{[%clk 0:16:00]} c3+ {[%clk 1:29:40]} 56. Ke2 {[%clk 0:12:50]} Kc4
{[%clk 1:29:38]} 57. Nc6 {[%clk 0:11:53]} d3+ 58. Kd1 Be8 {[%clk 1:29:39]} 59.
Ne5+ {[%clk 0:10:48]} Kb5 {[%clk 1:29:26]} 60. Nxd3 {[%clk 0:10:41]} Kxa5
{[%clk 1:29:36]} 61. Kc2 {[%clk 0:11:08]} Kb6 {[%clk 1:27:58]} 62. Kxc3
{[%clk 0:11:14]} Kc6 {[%clk 1:28:10]} 63. Kd4 {[%clk 0:10:23]} Kd6
{[%clk 1:28:17]} 64. Nb4 {[%clk 0:10:10]} Ke6 {[%clk 1:26:43]} 65. Nd5
{[%clk 0:10:30]} Bg6 {[%clk 1:26:15]} 66. Kc5 {[%clk 0:09:13]} Kd7
{[%clk 1:24:09]} 67. Kd4 {[%clk 0:07:08]} Ke6 {[%clk 1:24:25]} 68. Ne3
{[%clk 0:06:36]} Kxe7 {[%clk 1:23:57]} 69. Ke5 {[%clk 0:07:03]} Bd3
{[%clk 1:23:28]} 70. f5 {[%clk 0:07:28]} Kf7 {[%clk 1:23:38]} 71. Ng2
{[%clk 0:07:07]} Be2 {[%clk 1:23:47]} 72. Nf4 {[%clk 0:07:19]} Bd1
{[%clk 1:20:23]} 73. Ne6 {[%clk 0:06:58]} Bb3 {[%clk 1:19:09]} 74. Ng5+
{[%clk 0:07:07]} Kg7 {[%clk 1:18:43]} 75. f6+ {[%clk 0:07:03]} Kg6
{[%clk 1:19:04]} 76. Nh3 {[%clk 0:06:56]} Kf7 {[%clk 1:18:30]} 77. Nf4
{[%clk 0:07:15]} Bd1 {[%clk 1:18:38]} 78. Kf5 {[%clk 0:07:40]} Bg4+
{[%clk 1:18:04]} 79. Kg5 {[%clk 0:07:48]} Bf3 {[%clk 1:18:24]} 80. Nd3
{[%clk 0:07:29]} Bd1 {[%clk 1:16:56]} 81. Ne5+ {[%clk 0:07:49]} Kf8
{[%clk 1:16:08]} 82. Kg6 {[%clk 0:07:46]} Bg4 {[%clk 1:13:44]} 83. Nd3
{[%clk 0:07:31]} Bd1 {[%clk 1:12:36]} 84. Nf4 {[%clk 0:07:57]} Bb3
{[%clk 1:11:42]} 85. Kxh5 {[%clk 0:08:00]} Kf7 {[%clk 1:11:14]} 86. Kg5
{[%clk 0:08:27]} Ba2 {[%clk 1:10:55]} 87. h5 {[%clk 0:08:40]} Bb3
{[%clk 1:10:57]} 88. Ng6 {[%clk 0:08:30]} Bc2 {[%clk 1:06:54]} 89. Ne5+
{[%clk 0:08:30]} Kf8 {[%clk 1:07:14]} 90. h6 {[%clk 0:06:48]} Bb1
{[%clk 1:06:39]} 91. Ng6+ {[%clk 0:06:41]} Kg8 {[%clk 1:06:36]} 92. Ne5
{[%clk 0:06:07]} Bh7 {[%clk 1:06:20]} 93. f7+ {[%clk 0:05:55]} 1-0

[Event "Wolrd Chess Olympiad 2018"]
[Site "Batumi"]
[Date "2018.09.30"]
[Round "6"]
[Board "3"]
[WhiteFideId "16900049"]
[White "Espirito Santo Waldyr"]
[BlackFideId "22400117"]
[Black "Taleka Jed Selu"]
[Result "1-0"]
[LiveChessVersion "1.4.8"]
[BlackElo "1723"]
[WhiteElo "1903"]

1. e4 {[%clk 1:30:46]} d5 {[%clk 1:30:50]} 2. exd5 {[%clk 1:30:51]} Qxd5
{[%clk 1:31:12]} 3. Nf3 {[%clk 1:30:49]} Nf6 {[%clk 1:28:00]} 4. d4
{[%clk 1:30:43]} e6 {[%clk 1:27:59]} 5. c4 {[%clk 1:29:45]} Qd8 {[%clk 1:28:18]}
6. Bd3 {[%clk 1:29:37]} c6 {[%clk 1:28:20]} 7. Nc3 {[%clk 1:29:41]} h6
{[%clk 1:28:15]} 8. O-O {[%clk 1:29:47]} Be7 9. Bf4 b6 {[%clk 1:26:24]} 10. Qa4
{[%clk 1:27:08]} Bd7 {[%clk 1:26:25]} 11. Ne5 {[%clk 1:25:59]} c5
{[%clk 1:25:19]} 12. Nxd7 {[%clk 1:21:46]} Qxd7 {[%clk 1:25:36]} 13. Nb5
{[%clk 1:18:39]} O-O {[%clk 1:25:33]} 14. Rad1 {[%clk 1:15:27]} cxd4
{[%clk 1:25:33]} 15. Qb3 {[%clk 1:13:43]} Nc6 {[%clk 1:25:36]} 16. Rfe1
{[%clk 1:12:26]} Nh5 {[%clk 1:23:18]} 17. Bc1 {[%clk 1:10:20]} Bc5
{[%clk 1:23:05]} 18. Be4 {[%clk 1:09:41]} Nf6 19. Bxc6 Qxc6 {[%clk 1:17:15]} 20.
Nxd4 {[%clk 1:09:58]} Bxd4 {[%clk 1:16:17]} 21. Rxd4 {[%clk 1:10:05]} Rfd8
{[%clk 1:16:38]} 22. Red1 {[%clk 1:09:19]} Rxd4 {[%clk 1:16:48]} 23. Rxd4
{[%clk 1:09:07]} Rc8 {[%clk 1:17:12]} 24. Be3 {[%clk 0:57:56]} e5
{[%clk 1:15:46]} 25. Rd1 {[%clk 0:46:43]} Qxc4 {[%clk 1:15:57]} 26. Rd8+
{[%clk 0:43:07]} Kh7 {[%clk 1:15:46]} 27. Rxc8 {[%clk 0:41:45]} Qxc8
{[%clk 1:16:04]} 28. Qxf7 {[%clk 0:41:21]} Qf5 {[%clk 1:15:53]} 29. h3
{[%clk 0:40:44]} Qb1+ {[%clk 1:14:10]} 30. Kh2 {[%clk 0:40:45]} Qxb2
{[%clk 1:14:13]} 31. Qxa7 {[%clk 0:40:32]} b5 {[%clk 1:14:16]} 32. a3
{[%clk 0:39:31]} Nd5 {[%clk 1:13:45]} 33. Bc5 {[%clk 0:36:27]} Qc1
{[%clk 1:11:53]} 34. g3 {[%clk 0:34:44]} Qb2 {[%clk 1:08:35]} 35. Qf7
{[%clk 0:31:01]} Nf6 {[%clk 1:07:12]} 36. Kg2 {[%clk 0:29:23]} Qd2
{[%clk 1:06:09]} 37. Bf8 {[%clk 0:24:45]} Qd5+ {[%clk 1:06:14]} 38. Qxd5
{[%clk 0:25:01]} Nxd5 {[%clk 1:06:39]} 39. Kf3 {[%clk 0:25:03]} Nf6
{[%clk 1:06:27]} 40. Bd6 {[%clk 0:24:25]} e4+ {[%clk 1:05:17]} 41. Ke3
{[%clk 0:22:40]} Kg6 {[%clk 1:04:58]} 42. g4 {[%clk 0:51:17]} Kf7
{[%clk 1:32:50]} 43. Be5 {[%clk 0:50:17]} Nd7 {[%clk 1:30:46]} 44. Bd4
{[%clk 0:45:09]} g6 {[%clk 1:30:14]} 45. Kxe4 {[%clk 0:43:47]} Ke6
{[%clk 1:28:19]} 46. f4 {[%clk 0:43:49]} Nb8 {[%clk 1:27:21]} 47. f5+
{[%clk 0:38:13]} gxf5+ {[%clk 1:27:43]} 48. gxf5+ {[%clk 0:38:28]} Kd7
{[%clk 1:27:02]} 49. h4 {[%clk 0:37:47]} Nc6 {[%clk 1:25:30]} 50. Bc3
{[%clk 0:35:13]} Ne7 {[%clk 1:23:15]} 51. h5 {[%clk 0:33:16]} Ke8
{[%clk 1:21:42]} 52. Ke5 {[%clk 0:29:52]} Kf7 {[%clk 1:21:46]} 53. f6
{[%clk 0:29:01]} Nc6+ {[%clk 1:15:36]} 54. Kd6 {[%clk 0:28:06]} Nd8
{[%clk 1:15:31]} 55. Kc5 {[%clk 0:27:17]} Ne6+ {[%clk 1:16:00]} 56. Kxb5
{[%clk 0:27:12]} Nf4 {[%clk 1:16:27]} 57. a4 {[%clk 0:26:38]} Nxh5
{[%clk 1:14:24]} 58. Be5 {[%clk 0:25:31]} Ke6 {[%clk 1:14:36]} 59. a5
{[%clk 0:24:16]} 1-0

[Event "Wolrd Chess Olympiad 2018"]
[Site "Batumi"]
[Date "2018.09.30"]
[Round "6"]
[Board "1"]
[WhiteFideId "21300020"]
[White "Klaas Tokelo"]
[BlackFideId "20700245"]
[Black "Hlophe Smilo"]
[Result "1-0"]
[LiveChessVersion "1.4.8"]
[BlackElo "1608"]
[WhiteElo "1827"]

1. Nf3 {[%clk 1:29:36]} d5 {[%clk 1:30:56]} 2. g3 {[%clk 1:29:07]} Nf6
{[%clk 1:31:19]} 3. Bg2 {[%clk 1:29:29]} e6 {[%clk 1:31:48]} 4. O-O
{[%clk 1:29:40]} Bd6 {[%clk 1:32:17]} 5. d4 {[%clk 1:29:52]} O-O {[%clk 1:32:36]}
6. c4 {[%clk 1:29:41]} c6 {[%clk 1:33:05]} 7. Nc3 {[%clk 1:28:51]} Re8
{[%clk 1:33:24]} 8. Bg5 {[%clk 1:27:08]} h6 {[%clk 1:32:37]} 9. Bxf6
{[%clk 1:26:38]} Qxf6 {[%clk 1:33:05]} 10. e4 {[%clk 1:26:51]} dxe4
{[%clk 1:32:52]} 11. Nxe4 {[%clk 1:20:36]} Qd8 {[%clk 1:33:15]} 12. Qc2
{[%clk 1:20:01]} Bf8 {[%clk 1:31:34]} 13. Rad1 {[%clk 1:19:44]} Qa5
{[%clk 1:28:44]} 14. a3 {[%clk 1:17:58]} Na6 {[%clk 1:23:30]} 15. Ne5
{[%clk 1:16:54]} Qc7 {[%clk 1:22:44]} 16. b4 {[%clk 1:16:42]} c5 {[%clk 1:09:15]}
17. f4 {[%clk 1:11:57]} cxb4 {[%clk 1:02:36]} 18. a4 {[%clk 1:12:14]} Nb8
{[%clk 0:51:16]} 19. c5 {[%clk 1:05:53]} f5 {[%clk 0:50:04]} 20. Nd2
{[%clk 1:05:01]} Nd7 {[%clk 0:46:34]} 21. Ndc4 {[%clk 1:00:27]} Nxe5
{[%clk 0:43:27]} 22. fxe5 {[%clk 0:59:29]} a5 {[%clk 0:41:31]} 23. Qb3
{[%clk 0:57:59]} Bd7 {[%clk 0:30:32]} 24. Nd6 {[%clk 0:50:42]} Bxd6
{[%clk 0:29:58]} 25. exd6 {[%clk 0:50:46]} Qc8 {[%clk 0:29:49]} 26. Rde1
{[%clk 0:50:48]} Kh8 {[%clk 0:27:45]} 27. Re5 {[%clk 0:50:59]} Rb8
{[%clk 0:21:30]} 28. Rfe1 {[%clk 0:48:17]} Qd8 {[%clk 0:21:26]} 29. Bf1
{[%clk 0:47:57]} Qg5 {[%clk 0:20:46]} 30. Bc4 {[%clk 0:46:19]} Qd2
{[%clk 0:19:09]} 31. Rd1 {[%clk 0:45:59]} Qc3 {[%clk 0:18:57]} 32. Qxc3
{[%clk 0:44:13]} bxc3 {[%clk 0:19:26]} 33. Bb5 {[%clk 0:43:53]} Rbd8
{[%clk 0:18:43]} 34. Bxd7 {[%clk 0:43:26]} Rxd7 {[%clk 0:19:12]} 35. d5
{[%clk 0:43:43]} Kh7 {[%clk 0:16:47]} 36. dxe6 {[%clk 0:43:50]} Rdd8
{[%clk 0:17:12]} 37. e7 {[%clk 0:41:06]} Rd7 {[%clk 0:17:41]} 38. Rc1
{[%clk 0:32:26]} Kg6 {[%clk 0:18:10]} 39. Rxc3 {[%clk 0:32:28]} Kf6
{[%clk 0:18:39]} 40. Rce3 {[%clk 1:02:34]} g6 {[%clk 0:47:20]} 41. Re6+
{[%clk 1:02:27]} Kf7 {[%clk 0:47:49]} 42. Kf2 {[%clk 1:02:44]} Kg7
{[%clk 0:46:07]} 43. Ke2 {[%clk 1:02:58]} h5 {[%clk 0:46:17]} 44. h4
{[%clk 1:03:16]} Kh6 {[%clk 0:46:32]} 45. Kd3 {[%clk 1:03:33]} 1-0

[Event "Wolrd Chess Olympiad 2018"]
[Site "Batumi"]
[Date "2018.09.30"]
[Round "6"]
[Board "2"]
[WhiteFideId "20700113"]
[White "Mbongeni Mabuza"]
[BlackFideId "14317176"]
[Black "Khalema Sechaba"]
[Result "0-1"]
[LiveChessVersion "1.4.8"]
[BlackElo "1779"]
[WhiteElo "1560"]

1. e4 {[%clk 1:30:27]} c5 {[%clk 1:29:55]} 2. Nf3 {[%clk 1:30:47]} d6
{[%clk 1:30:02]} 3. d4 {[%clk 1:27:49]} cxd4 {[%clk 1:30:19]} 4. Nxd4
{[%clk 1:28:11]} Nf6 {[%clk 1:30:41]} 5. Bd3 {[%clk 1:27:44]} a6 {[%clk 1:31:02]}
6. O-O {[%clk 1:27:48]} Qc7 {[%clk 1:31:21]} 7. c4 {[%clk 1:26:27]} e6
{[%clk 1:31:44]} 8. b3 {[%clk 1:26:27]} Be7 {[%clk 1:32:07]} 9. Bb2
{[%clk 1:26:12]} Nbd7 {[%clk 1:32:29]} 10. Nc3 {[%clk 1:25:18]} b6
{[%clk 1:32:50]} 11. Re1 {[%clk 1:25:26]} Bb7 {[%clk 1:33:12]} 12. Kh1
{[%clk 1:22:00]} Ne5 {[%clk 1:26:30]} 13. Bc2 {[%clk 1:21:14]} Neg4
{[%clk 1:26:21]} 14. Qe2 {[%clk 1:16:40]} d5 {[%clk 1:26:43]} 15. e5
{[%clk 1:16:35]} h5 {[%clk 1:26:57]} 16. f3 {[%clk 1:15:32]} Bc5 {[%clk 1:27:18]}
17. Na4 {[%clk 1:12:58]} dxc4 {[%clk 1:27:20]} 18. fxg4 {[%clk 1:10:55]} hxg4
{[%clk 1:27:39]} 19. bxc4 {[%clk 1:08:15]} O-O-O {[%clk 1:26:21]} 20. Nxc5
{[%clk 1:06:46]} bxc5 {[%clk 1:26:46]} 21. Nb3 {[%clk 1:06:36]} g3
{[%clk 1:27:13]} 22. h3 {[%clk 0:36:59]} Rxh3+ {[%clk 1:27:35]} 23. Kg1
{[%clk 0:37:23]} Rh2 {[%clk 1:27:57]} 24. Qe4 {[%clk 0:31:30]} Nxe4
{[%clk 1:28:07]} 25. Rxe4 {[%clk 0:31:28]} Rdh8 {[%clk 1:28:28]} 26. Kf1
{[%clk 0:31:46]} Rh1+ {[%clk 1:28:01]} 27. Ke2 {[%clk 0:32:08]} Rxa1
{[%clk 1:28:22]} 28. Bxa1 {[%clk 0:32:29]} Bxe4 {[%clk 1:28:41]} 29. Bxe4
{[%clk 0:32:52]} Rh4 {[%clk 1:28:26]} 30. Kf3 {[%clk 0:31:49]} Rxe4
{[%clk 1:28:49]} 31. Kxe4 {[%clk 0:32:06]} Qc6+ {[%clk 1:29:09]} 32. Kd3
{[%clk 0:26:22]} Qxg2 {[%clk 1:29:27]} 33. Nd2 {[%clk 0:26:31]} Qxd2+
{[%clk 1:29:32]} 0-1

[Event "Wolrd Chess Olympiad 2018"]
[Site "Batumi"]
[Date "2018.09.30"]
[Round "6"]
[Board "3"]
[WhiteFideId "14317265"]
[White "Mohatlane Liteboho"]
[BlackFideId "20700253"]
[Black "Nxumalo Vuyo"]
[Result "1-0"]
[LiveChessVersion "1.4.8"]
[BlackElo "1525"]
[WhiteElo "1655"]

1. g3 {[%clk 1:30:48]} e5 {[%clk 1:30:15]} 2. c4 {[%clk 1:31:06]} Nf6
{[%clk 1:29:39]} 3. Bg2 {[%clk 1:30:56]} Bc5 {[%clk 1:29:52]} 4. e3
{[%clk 1:26:30]} O-O {[%clk 1:27:53]} 5. Ne2 {[%clk 1:26:30]} d5 {[%clk 1:24:39]}
6. cxd5 {[%clk 1:23:50]} Nxd5 {[%clk 1:24:19]} 7. O-O {[%clk 1:23:22]} Nc6
{[%clk 1:23:34]} 8. Qb3 {[%clk 1:22:17]} Ndb4 {[%clk 1:17:03]} 9. Qc3
{[%clk 1:16:33]} Qd6 {[%clk 1:12:53]} 10. Na3 {[%clk 1:12:53]} Be6
{[%clk 1:00:35]} 11. Nb5 {[%clk 1:10:06]} Nd5 {[%clk 0:56:22]} 12. Bxd5
{[%clk 1:01:33]} Qxd5 {[%clk 0:55:17]} 13. Nxc7 {[%clk 1:01:21]} Qc4
{[%clk 0:54:53]} 14. d3 {[%clk 1:00:29]} Qxc3 {[%clk 0:53:09]} 15. bxc3
{[%clk 1:00:48]} Bh3 {[%clk 0:53:12]} 16. Nxa8 {[%clk 1:00:47]} Bxf1
{[%clk 0:53:24]} 17. Kxf1 {[%clk 1:01:12]} Rxa8 {[%clk 0:53:42]} 18. d4
{[%clk 1:00:50]} exd4 {[%clk 0:52:43]} 19. cxd4 {[%clk 1:01:05]} Bd6
{[%clk 0:52:22]} 20. a4 {[%clk 0:59:18]} a5 {[%clk 0:51:47]} 21. Bd2
{[%clk 0:54:49]} f5 {[%clk 0:42:48]} 22. Nc1 {[%clk 0:53:49]} Bb4
{[%clk 0:42:54]} 23. Ke2 {[%clk 0:53:20]} Kf7 {[%clk 0:43:04]} 24. Nd3
{[%clk 0:53:28]} Bxd2 {[%clk 0:42:40]} 25. Kxd2 {[%clk 0:53:50]} Rc8
{[%clk 0:42:20]} 26. Rc1 {[%clk 0:50:08]} Rb8 {[%clk 0:38:45]} 27. Rc5
{[%clk 0:48:58]} Kf6 {[%clk 0:32:59]} 28. Rb5 {[%clk 0:48:37]} b6
{[%clk 0:31:10]} 29. Ne5 {[%clk 0:46:29]} Nxe5 {[%clk 0:31:07]} 30. Rxe5
{[%clk 0:46:44]} g6 {[%clk 0:31:19]} 31. Kd3 {[%clk 0:43:28]} Rc8
{[%clk 0:30:45]} 32. Rb5 {[%clk 0:43:49]} Rb8 {[%clk 0:27:18]} 33. h4
{[%clk 0:43:08]} h5 {[%clk 0:27:36]} 34. Kc4 {[%clk 0:43:00]} Ke6
{[%clk 0:27:20]} 35. Re5+ {[%clk 0:41:57]} Kd6 {[%clk 0:27:01]} 36. Kb5
{[%clk 0:41:56]} Rc8 {[%clk 0:16:55]} 37. Kxb6 {[%clk 0:41:56]} Rc2
{[%clk 0:17:18]} 38. Re8 {[%clk 0:41:35]} Rxf2 {[%clk 0:17:15]} 39. Rg8
{[%clk 0:41:55]} Rb2+ {[%clk 0:15:34]} 40. Kxa5 {[%clk 1:11:54]} Rb3
{[%clk 0:45:14]} 41. Rxg6+ {[%clk 1:12:03]} Kd5 {[%clk 0:44:54]} 42. Rg5
{[%clk 1:10:47]} Rxe3 {[%clk 0:44:12]} 43. Rxf5+ {[%clk 1:10:34]} Kxd4
{[%clk 0:44:30]} 44. Rxh5 {[%clk 1:08:38]} Rxg3 {[%clk 0:40:54]} 45. Kb6
{[%clk 1:08:10]} Ke4 {[%clk 0:40:44]} 46. a5 {[%clk 1:08:13]} Ra3
{[%clk 0:40:59]} 47. a6 {[%clk 1:08:14]} Kf4 {[%clk 0:41:18]} 48. Ra5
{[%clk 1:07:57]} Rb3+ {[%clk 0:41:05]} 49. Kc5 {[%clk 1:08:15]} Rb8
{[%clk 0:41:17]} 50. a7 {[%clk 1:08:31]} Ra8 {[%clk 0:41:38]} 1-0

[Event "Wolrd Chess Olympiad 2018"]
[Site "Batumi"]
[Date "2018.09.30"]
[Round "6"]
[Board "4"]
[WhiteFideId "20700784"]
[White "Sihlongonyane Sikhanyiso"]
[BlackFideId "21300550"]
[Black "Theko Khanyapa"]
[Result "1-0"]
[LiveChessVersion "1.4.8"]
[BlackElo "1655"]
[WhiteElo "1408"]

1. d4 {[%clk 1:30:45]} e6 {[%clk 1:30:24]} 2. c4 {[%clk 1:31:07]} Be7
{[%clk 1:30:35]} 3. Nc3 {[%clk 1:31:28]} Nf6 {[%clk 1:30:23]} 4. Bg5
{[%clk 1:31:43]} d5 {[%clk 1:30:07]} 5. cxd5 {[%clk 1:31:44]} exd5
{[%clk 1:28:49]} 6. e3 {[%clk 1:32:06]} O-O {[%clk 1:28:57]} 7. Bd3
{[%clk 1:32:32]} c6 {[%clk 1:26:52]} 8. Nge2 {[%clk 1:32:56]} Re8
{[%clk 1:26:07]} 9. O-O {[%clk 1:33:17]} b6 {[%clk 1:24:39]} 10. Qc2
{[%clk 1:33:35]} h6 {[%clk 1:23:02]} 11. Bh4 {[%clk 1:33:53]} Na6
{[%clk 1:21:37]} 12. a3 {[%clk 1:34:00]} Nc7 {[%clk 1:20:05]} 13. Rad1
{[%clk 1:32:57]} Be6 {[%clk 1:18:36]} 14. f3 {[%clk 1:33:09]} c5 {[%clk 1:17:06]}
15. Kh1 {[%clk 1:31:12]} Qd7 {[%clk 1:13:06]} 16. dxc5 {[%clk 1:29:46]} bxc5
{[%clk 1:13:04]} 17. Bxf6 {[%clk 1:27:15]} Bxf6 {[%clk 1:10:35]} 18. Qc1
{[%clk 1:23:12]} g5 {[%clk 1:05:02]} 19. Nxd5 {[%clk 1:22:46]} Nxd5
{[%clk 1:02:51]} 20. e4 {[%clk 1:23:04]} Nb6 {[%clk 1:02:32]} 21. e5
{[%clk 1:23:23]} Bxe5 {[%clk 1:02:26]} 22. Bh7+ {[%clk 1:23:42]} Kxh7
{[%clk 1:02:42]} 23. Rxd7 {[%clk 1:23:59]} Nxd7 {[%clk 1:02:55]} 24. Qc2+
{[%clk 1:23:54]} Kg8 {[%clk 1:02:16]} 25. f4 {[%clk 1:21:38]} Bf6
{[%clk 0:59:19]} 26. fxg5 {[%clk 1:20:35]} hxg5 {[%clk 0:58:46]} 27. Ng3
{[%clk 1:13:51]} Rab8 {[%clk 0:56:25]} 28. Ne4 {[%clk 1:11:22]} Bg7
{[%clk 0:55:31]} 29. Nxg5 {[%clk 1:06:27]} Rxb2 {[%clk 0:52:42]} 30. Qh7+
{[%clk 1:06:34]} Kf8 {[%clk 0:52:39]} 31. Qg6 {[%clk 1:06:43]} Nf6
{[%clk 0:52:13]} 32. Rxf6 {[%clk 1:03:10]} Bxf6 {[%clk 0:52:09]} 33. Nh7+
{[%clk 1:03:37]} Ke7 {[%clk 0:49:22]} 34. Qxf6+ {[%clk 1:04:00]} Kd6
{[%clk 0:48:45]} 35. Qxb2 {[%clk 1:04:22]} Bf5 {[%clk 0:48:12]} 36. Qd2+
{[%clk 1:04:05]} Kc7 {[%clk 0:47:37]} 37. Nf6 {[%clk 1:03:08]} Rb8
{[%clk 0:45:27]} 38. Qf4+ {[%clk 1:02:28]} 1-0

[Event "Wolrd Chess Olympiad 2018"]
[Site "Batumi"]
[Date "2018.09.30"]
[Round "6"]
[Board "1"]
[WhiteFideId "21400113"]
[White "Mimbasa Kutesa Willy"]
[BlackFideId "10400222"]
[Black "Karelina Polina"]
[Result "1-0"]
[LiveChessVersion "1.4.8"]
[BlackElo "1631"]
[WhiteElo "1760"]

1. e4 {[%clk 1:30:32]} d6 {[%clk 1:30:51]} 2. d4 {[%clk 1:30:23]} Nf6
{[%clk 1:31:13]} 3. Nc3 {[%clk 1:29:53]} c6 {[%clk 1:31:25]} 4. Nf3
{[%clk 1:29:12]} Bg4 {[%clk 1:31:39]} 5. Bc4 {[%clk 1:28:48]} e6 {[%clk 1:26:23]}
6. O-O {[%clk 1:28:48]} Be7 {[%clk 1:26:35]} 7. Be3 {[%clk 1:28:44]} O-O
{[%clk 1:25:44]} 8. Bd3 {[%clk 1:28:42]} d5 {[%clk 1:22:42]} 9. e5
{[%clk 1:27:08]} Nfd7 {[%clk 1:19:41]} 10. Nb1 {[%clk 1:26:55]} c5
{[%clk 1:17:22]} 11. c3 {[%clk 1:26:52]} Nc6 {[%clk 1:17:24]} 12. Nbd2
{[%clk 1:26:45]} cxd4 {[%clk 1:15:11]} 13. cxd4 {[%clk 1:26:54]} f5
{[%clk 1:14:02]} 14. exf6 {[%clk 1:25:36]} Bxf6 {[%clk 1:13:21]} 15. Qb3
{[%clk 1:24:02]} Nb6 {[%clk 1:03:08]} 16. a3 {[%clk 1:21:37]} Kh8
{[%clk 0:56:27]} 17. Rac1 {[%clk 1:19:39]} Rc8 {[%clk 0:53:37]} 18. h3
{[%clk 1:19:16]} Bf5 {[%clk 0:52:00]} 19. Be2 {[%clk 1:16:51]} Qd7
{[%clk 0:47:56]} 20. g4 {[%clk 1:16:33]} Be4 {[%clk 0:45:01]} 21. g5
{[%clk 1:14:39]} Bd8 {[%clk 0:44:03]} 22. Nxe4 {[%clk 1:14:20]} dxe4
{[%clk 0:44:18]} 23. Ne5 {[%clk 1:12:48]} Nxe5 {[%clk 0:44:03]} 24. dxe5
{[%clk 1:12:36]} Nd5 {[%clk 0:40:08]} 25. Bg4 {[%clk 1:08:04]} Bb6
{[%clk 0:28:56]} 26. Rcd1 {[%clk 1:06:20]} Bxe3 {[%clk 0:27:44]} 27. Rxd5
{[%clk 1:05:11]} Qxd5 {[%clk 0:27:33]} 28. Qxd5 {[%clk 1:05:06]} exd5
{[%clk 0:28:00]} 29. Bxc8 {[%clk 1:05:09]} Bxf2+ {[%clk 0:27:26]} 30. Rxf2
{[%clk 1:04:27]} Rxc8 {[%clk 0:27:52]} 31. Rf7 {[%clk 1:03:39]} Kg8
{[%clk 0:24:02]} 32. Rd7 {[%clk 1:03:54]} Re8 {[%clk 0:22:28]} 33. Rxd5
{[%clk 1:04:04]} Kf7 {[%clk 0:21:23]} 34. Kf2 {[%clk 1:03:11]} Ke6
{[%clk 0:20:59]} 35. Rb5 {[%clk 1:02:50]} Re7 {[%clk 0:18:48]} 36. Ke3
{[%clk 1:03:04]} Kf5 {[%clk 0:18:32]} 37. b4 {[%clk 1:00:35]} a6 {[%clk 0:14:54]}
38. Rc5 {[%clk 0:59:26]} g6 {[%clk 0:11:24]} 39. h4 {[%clk 0:58:22]} b5
{[%clk 0:04:41]} 40. e6+ {[%clk 1:28:16]} Kg4 {[%clk 0:33:36]} 41. Re5
{[%clk 1:27:56]} Kxh4 {[%clk 0:33:31]} 42. Kxe4 {[%clk 1:28:14]} Kh5
{[%clk 0:32:09]} 43. Kd5 {[%clk 1:28:23]} h6 {[%clk 0:31:21]} 44. gxh6+
{[%clk 1:28:39]} Kxh6 {[%clk 0:31:45]} 45. Kd6 {[%clk 1:28:59]} Re8
{[%clk 0:31:31]} 46. Kd7 {[%clk 1:28:56]} Ra8 {[%clk 0:31:39]} 47. e7
{[%clk 1:29:09]} Ra7+ {[%clk 0:31:59]} 48. Kc6 {[%clk 1:29:16]} 1-0